书目信息 |
| 题名: |
阳翰笙代表作
|
|
| 作者: | 阳翰笙 著 | |
| 分册: | ||
| 出版信息: | 北京 华夏出版社 1999.10 |
|
| 页数: | 352页 | |
| 开本: | 32开 | |
| 丛书名: | ||
| 单 册: | ||
| 中图分类: | I234.6 | |
| 科图分类: | ||
| 主题词: | 戏剧文学--剧本--中国 | |
| 电子资源: | ||
| ISBN: | 7-5080-1790-0 | |
| 000 | 00550nam0 2200193 45 | |
| 001 | 0008171665 | |
| 005 | 20000817163534.3 | |
| 010 | @a7-5080-1790-0@d16.00元 | |
| 100 | @a20000817d1999 km y0chiy0120 ea | |
| 101 | 0 | @achi |
| 105 | @a z 000yy | |
| 200 | 1 | @a阳翰笙代表作@AYang Han Sheng Dai Biao Zuo@f阳翰笙著@FYang Han Sheng Zhu |
| 210 | @a北京@c华夏出版社@d1999.10 | |
| 215 | @a352页@d32开 | |
| 606 | 0 | @a戏剧文学@x剧本@x中国 |
| 690 | @aI234.6@v3 | |
| 701 | 0 | @a阳翰笙@4著 |
| 801 | @aCN@bPftUser@c20000817 | |
| 905 | @b109804-806@dI234.6@eY164@f3 | |
| 阳翰笙代表作/阳翰笙著.-北京:华夏出版社,1999.10 |
| 352页;32开 |
| ISBN 7-5080-1790-0:16.00元 |
| ● |
| 相关链接 |
|
|
|
正题名:阳翰笙代表作
索取号:I234.6/Y164
 
预约/预借
| 序号 | 登录号 | 条形码 | 馆藏地/架位号 | 状态 | 备注 |
| 1 | 109804 | 201098043 | 文学库108/108文学库 19排4列5层/ [索取号:I234.6/Y164] | 在馆 | |
| 2 | 109805 | 201098052 | 文学库108/108文学库 19排4列5层/ [索取号:I234.6/Y164] | 在馆 | |
| 3 | 109806 | 201098061 | 文学库108/108文学库 19排4列5层/ [索取号:I234.6/Y164] | 在馆 |